Soils An Introduction (Record no. 9314)
[ view plain ]
| 000 -LEADER | |
|---|---|
| fixed length control field | 00559nam a22002057a 4500 |
| 003 - CONTROL NUMBER IDENTIFIER | |
| control field | OSt |
| 005 - DATE AND TIME OF LATEST TRANSACTION | |
| control field | 20240731141805.0 |
| 008 - FIXED-LENGTH DATA ELEMENTS--GENERAL INFORMATION | |
| fixed length control field | 240731b |||||||| |||| 00| 0 eng d |
| 020 ## - INTERNATIONAL STANDARD BOOK NUMBER | |
| International Standard Book Number | 002410860x |
| 040 ## - CATALOGING SOURCE | |
| Transcribing agency | MUST |
| 082 ## - DEWEY DECIMAL CLASSIFICATION NUMBER | |
| Classification number | 631.4 SIN 1993 |
| 100 ## - MAIN ENTRY--PERSONAL NAME | |
| Personal name | Singer Michael |
| 9 (RLIN) | 19037 |
| 245 ## - TITLE STATEMENT | |
| Title | Soils An Introduction |
| Statement of responsibility, etc. | Michael J.Singer, Donald N.Munns |
| 260 ## - PUBLICATION, DISTRIBUTION, ETC. (IMPRINT) | |
| Place of publication, distribution, etc. | New York |
| Name of publisher, distributor, etc. | Macmillan |
| Date of publication, distribution, etc. | 1987 |
| 300 ## - PHYSICAL DESCRIPTION | |
| Extent | xix,492p. |
| Other physical details | includes ill. |
| Dimensions | 26cm. |
| 504 ## - BIBLIOGRAPHY, ETC. NOTE | |
| Bibliography, etc | Includes References,Index |
| 651 ## - SUBJECT ADDED ENTRY--GEOGRAPHIC NAME | |
| Source of heading or term | Soil science |
| 651 ## - SUBJECT ADDED ENTRY--GEOGRAPHIC NAME | |
| Source of heading or term | Soil management |
| 942 ## - ADDED ENTRY ELEMENTS (KOHA) | |
| Source of classification or shelving scheme | Dewey Decimal Classification |
| Koha item type | Book |
| Withdrawn status | Lost status | Source of classification or shelving scheme | Damaged status | Not for loan | Home library | Current library | Date acquired | Source of acquisition | Inventory number | Total Checkouts | Full call number | Barcode | Date last seen | Price effective from | Koha item type |
|---|---|---|---|---|---|---|---|---|---|---|---|---|---|---|---|
| Dewey Decimal Classification | Main Kihumuro Campus | Main Kihumuro Campus | 31/07/2024 | Purchase | 2000/13993 | 631.4 SIN 1993 | 2024-22236 | 31/07/2024 | 31/07/2024 | Book | |||||
| Dewey Decimal Classification | Main Kihumuro Campus | Main Kihumuro Campus | 31/07/2024 | Purchase | 2000/13992 | 631.4 SIN 1993 | 2024-22237 | 31/07/2024 | 31/07/2024 | Book | |||||
| Dewey Decimal Classification | Main Kihumuro Campus | Main Kihumuro Campus | 31/07/2024 | Purchase | 2000/13983 | 631.4 SIN 1993 | 2024-22238 | 31/07/2024 | 31/07/2024 | Book | |||||
| Dewey Decimal Classification | Main Kihumuro Campus | Main Kihumuro Campus | 31/07/2024 | Purchase | 2000/13980 | 631.4 SIN 1993 | 2024-22239 | 31/07/2024 | 31/07/2024 | Book |
